Guess the Sabrina Carpenter song #3 - Statistics

General Stats
  • This quiz has been taken 417 times
  • The average score is 172 of 257
Answer Stats
% Correct
I
98%
a
93%
you,
93%
you
93%
me
84%
me,
84%
the
83%
an
82%
do
82%
when
82%
to
80%
be
79%
and
77%
And
77%
don't
77%
Don't
77%
your
77%
I'm
76%
my
76%
it
74%
so
74%
know
73%
no
73%
you're
73%
is
72%
we
72%
go
71%
have
71%
in
71%
like
71%
that
70%
make
68%
Please,
68%
please,
68%
please
68%
(please)
68%
Please
68%
(please),
68%
just
67%
It's
66%
it's
66%
(it's
66%
one
65%
taste
65%
did
64%
But
63%
but
63%
good
63%
if
63%
If
63%
prove
63%
'em
62%
nice
62%
nice,
62%
right
62%
right?)
62%
makeup
61%
of
61%
oh
61%
thing,
61%
thing
61%
thing),
61%
bring
60%
tears
60%
another
59%
another)
59%
ego's
59%
(ego's
59%
embarrass
59%
feel
59%
Heartbreak
59%
(heartbreak
59%
beg
58%
motherfucker,
58%
All
57%
could
57%
only
57%
fun
56%
ironic
56%
judgement,
56%
way
56%
funny
55%
hate
55%
wanna
55%
baby
54%
guy
54%
inside
54%
some
54%
stay
54%
them
54%
act
53%
everyone
53%
front
53%
stupid,
53%
with
53%
actor,
52%
babe,
52%
cry
52%
culture
52%
heard
52%
him
52%
Yeah,
52%
idea,
51%
let
51%
stand-up
51%
tell
51%
their
51%
different
50%
fan
50%
maybe
50%
out
50%
tonight
50%
ah
49%
(ah)
49%
air
49%
ceiling
49%
eyes
49%
fresh
49%
knows
49%
music,
49%
really,
49%
really
49%
asking,
48%
happily
48%
live
48%
makes
48%
craving
47%
mistakes
47%
promise
47%
kidding,
46%
rolls
46%
Whatever
46%
devil's
45%
prolifically
33%
Well,
27%
No matching quizzes found
Score Distribution
Percent of People with Each Score
Percentile by Number Answered
Your Score History
You have not taken this quiz